00000000nam##2200000za#4500
0019.531630
003CaOODSP
00520200331230836
007ta
008150406|1999||||xxc|||||     f|0| 0 eng|d
020 |a0-660-60815-4
040 |aCaOODSP|beng
041 |aeng
041 |afre
043 |an-cn---
0861 |aBT31-2/2000-III-31
1101 |aCanada. |bTreasury Board.
24510|aNorthern Pipeline Agency Canada
260 |aOttawa - Ontario : |bTreasury Board of Canada Secretariat |c1999.
300 |aEnglish text, 16p. : |bfigs., organization chart, tables ; |c28 cm.
4901 |a1999-2000 estimates, part III: Report on plans and priorities
546 |aBilingual
563 |aSoftcover
590 |a99-13|b1999-04-01
69007|aEstimates|2gcpds
7760#|tNorthern Pipeline Agency, 1999-2000 estimates, part III - report on plans and priorities, approved |w(CaOODSP)9.567742
7760#|tAdministration du pipe-line du nord, budget des dépenses 1999-2000, partie III, rapport sur les plans et priorités, approuvé |w(CaOODSP)9.599074
792 |tAdministration du pipe-line du Nord Canada |efre|w(CaOODSP)9.531631
830#0|a1999-2000 estimates, part III: Report on plans and priorities.|w(CaOODSP)9.508962